TV offspring Quiz Stats

 Plays Quiz not verified by Sporcle

Support Sporcle.
Go Orange.
Score 0/23 Timer 04:00
0 Plays Today
Parent/s Son or Daughter % Correct
Barney & Betty RubbleBamm Bamm
82.3%
Fred & Wilma FlintstonePebbles
80.8%
Ricky & Lucy RicardoRicky, Jr.
80.3%
Andy TaylorOpie
70.9%
Herman & Lily MunsterEddie
63.1%
Tom CorbettEddie
63.1%
Liane CartmanEric
61.6%
Archie & Edith BunkerGloria
61.1%
Jonathan & Martha KentClark
58.6%
Henry & Alice MitchellDennis
41.9%
George & Louise JeffersonLionel
41.4%
Fred SanfordLamont
35.5%
Parent/s Son or Daughter % Correct
Rob & Laura PetrieRitchie
35%
Stephen & Linda StotchButters (Leopold)
34.5%
Mike & Gloria StivicJoey
34%
Almonzo & Laura WilderRose
25.1%
George & Katherine PapadopoulosWebster
22.7%
Alice HyattTommy
20.7%
Murphy BrownAvery
18.2%
Lars & Phyllis LindstromBess
11.3%
George & Dorothy BaxterHarold
10.8%
Mindy McConnell & MorkMearth
10.3%
Joey Harris & Michael TaylorNicole
7.4%

You're not logged in!

Compare scores with friends on all Sporcle quizzes.
OR
Log In

From the Vault

Bands' Highest Charting Albums: 1980s

by hatefulmissy

This image brought to you by one sick Van Halen guitar solo.
Remove Ads.
Support Sporcle.
Get the best of Sporcle when you Go Orange. This ad-free experience offers more features, more stats, and more fun while also helping to support Sporcle. Thank you for becoming a member.

Show Comments

Extras

Top Quizzes Today


Score Distribution

Your Account Isn't Verified!

In order to create a playlist on Sporcle, you need to verify the email address you used during registration. Go to your Sporcle Settings to finish the process.

Report this User

Report this user for behavior that violates our Community Guidelines.

Details: